Advanced introduction to international trade law / (Record no. 21283)
[ view plain ]
| 000 -LEADER | |
|---|---|
| fixed length control field | 01158cam a22003015a 4500 |
| 001 - CONTROL NUMBER | |
| control field | 18294720 |
| 005 - DATE AND TIME OF LATEST TRANSACTION | |
| control field | 20201128023648.0 |
| 008 - FIXED-LENGTH DATA ELEMENTS--GENERAL INFORMATION | |
| fixed length control field | 140908t2015 enk frb 001 0 eng d |
| 020 ## - INTERNATIONAL STANDARD BOOK NUMBER | |
| International Standard Book Number | 9781783471591 |
| 040 ## - CATALOGING SOURCE | |
| Original cataloging agency | YDXCP |
| Language of cataloging | eng |
| Transcribing agency | YDXCP |
| Modifying agency | CGU |
| -- | BTCTA |
| -- | SISMU |
| -- | DLC |
| -- | EG-ScBUE |
| 082 04 - DEWEY DECIMAL CLASSIFICATION NUMBER | |
| Edition number | 22 |
| Classification number | 341.67 |
| Item number | TRE |
| 100 1# - MAIN ENTRY--PERSONAL NAME | |
| Personal name | Trebilcock, M. J. |
| 9 (RLIN) | 39467 |
| 240 10 - UNIFORM TITLE | |
| Uniform title | <a href="Understanding trade law">Understanding trade law</a> |
| 245 10 - TITLE STATEMENT | |
| Title | Advanced introduction to international trade law / |
| Statement of responsibility, etc | Michael J. Trebilcock. |
| 246 30 - VARYING FORM OF TITLE | |
| Title proper/short title | International trade law |
| 260 ## - PUBLICATION, DISTRIBUTION, ETC. (IMPRINT) | |
| Place of publication, distribution, etc | Cheltenham ; |
| -- | Northampton : |
| Name of publisher, distributor, etc | Edward Elgar Publishing, |
| Date of publication, distribution, etc | c.2015. |
| 300 ## - PHYSICAL DESCRIPTION | |
| Extent | x, 215 p. ; |
| Dimensions | 22 cm. |
| 490 0# - Series Statement | |
| Series statement | Elgar advanced introductions. |
| 500 ## - GENERAL NOTE | |
| General note | Index : p. 203-215. |
| 504 ## - BIBLIOGRAPHY, ETC. NOTE | |
| Bibliography, etc | Includes bibliographical references. |
| 650 #7 - SUBJECT ADDED ENTRY--TOPICAL TERM | |
| Topical term or geographic name as entry element | International economic relations. |
| Source of heading or term | BUEsh |
| 9 (RLIN) | 3036 |
| 650 #0 - SUBJECT ADDED ENTRY--TOPICAL TERM | |
| Topical term or geographic name as entry element | Free trade. |
| Source of heading or term | BUEsh |
| 9 (RLIN) | 37259 |
| 651 ## - SUBJECT ADDED ENTRY--GEOGRAPHIC NAME | |
| Source of heading or term | BUEsh |
| 653 ## - INDEX TERM--UNCONTROLLED | |
| Resource For college | Law |
| Arrived date list | February2016 |
| 650 #7 - SUBJECT ADDED ENTRY--TOPICAL TERM | |
| 9 (RLIN) | 27887 |
| Topical term or geographic name as entry element | Foreign trade regulation |
| Source of heading or term | BUEsh |
| 775 08 - OTHER EDITION ENTRY | |
| Display text | Revised edition of [work]: |
| Main entry heading | Trebilcock, Michael J. |
| Title | Understanding trade law. |
| Place, publisher, and date of publication | Cheltenham, U.K. : Edward Elgar, �2011. |
| International Standard Book Number | 9780857931450 |
| Record control number | (OCoLC)726597769 |
| 942 ## - ADDED ENTRY ELEMENTS (KOHA) | |
| Source of classification or shelving scheme | Dewey Decimal Classification |
| Withdrawn status | Item status | Source of classification or shelving scheme | Damaged status | Not for loan | Vendor | Home library | Current library | Shelving location | Date acquired | Source of acquisition | Cost, normal purchase price | Total Checkouts | Total Renewals | Full call number | Barcode | Date last seen | Date last borrowed | Cost, replacement price | Koha item type |
|---|---|---|---|---|---|---|---|---|---|---|---|---|---|---|---|---|---|---|---|
| Dewey Decimal Classification | MERIC | Central Library | Central Library | First floor | 29/02/2016 | Purchase | 1122.00 | 5 | 29 | 341.67 TRE | 000031773 | 15/07/2025 | 08/10/2024 | 1403.00 | Book - Borrowing |